LIBRARY & INFORMATION CENTRE, KCAET, TAVANUR

ONLINE PUBLIC ACCESS CATALOGUE (OPAC)

Sewage treatment in hot climates / (Record no. 2469)

MARC details
000 -LEADER
fixed length control field 00424cam a2200169ua 4500
020 ## - INTERNATIONAL STANDARD BOOK NUMBER
ISBN 0 471 99615 7
041 ## - LANGUAGE CODE
Language code of text/sound track or separate title eng
082 ## - DEWEY DECIMAL CLASSIFICATION NUMBER
Classification number 628.3
Item number MAR/SE
100 ## - MAIN ENTRY--AUTHOR NAME
Personal name Mara, Duncan .
245 ## - TITLE STATEMENT
Title Sewage treatment in hot climates /
250 ## - EDITION STATEMENT
Edition statement 1 /
260 ## - PUBLICATION, DISTRIBUTION, ETC. (IMPRINT)
Place of publication :
Name of publisher English Language Book Society ,
Year of publication 1984.
300 ## - PHYSICAL DESCRIPTION
Number of Pages 168 ; .
942 ## - ADDED ENTRY ELEMENTS (KOHA)
Koha item type Books
Holdings
Withdrawn status Lost status Damaged status Home library Current library Date acquired Full call number Accession Number Koha item type
      KAUAET KAUAET 27/03/1987 628.3 16189 Books
free website counter